| 000 | 01300cpcaa2200301 4500 | ||
|---|---|---|---|
| 001 | mm 79004963 | ||
| 003 | DLC | ||
| 005 | 20260227111648.0 | ||
| 008 | 790601|||||||||||| eng | ||
| 010 | _amm 79004963 | ||
| 040 |
_aDLC _cDLC _edacs _dDLC |
||
| 072 | 7 |
_aC _2lcmd |
|
| 100 | 1 |
_aGallup, Nehemiah, _d1751-1843. |
|
| 245 | 0 | 0 |
_aNehemiah Gallup diary, _f1776 September 10-December 5. |
| 300 |
_a1 _fitem. |
||
| 506 | 0 | _aOpen to research. | |
| 520 | 8 | _aDiary (14 pages) of Sergeant Nehemiah Gallup kept during his service in the Connecticut Continental line relating to a march from Groton, Conn., to White Plains, N.Y., engagements near White Plains, and routine military matters. | |
| 545 | 0 | _aSergeant in the Connecticut Continental line. | |
| 546 | _aCollection material in English. | ||
| 580 | _aForms part of: Miscellaneous Manuscripts collection. | ||
| 610 | 1 | 0 |
_aUnited States. _bContinental Army. |
| 651 | 0 |
_aConnecticut _xHistory _yRevolution, 1775-1783. |
|
| 651 | 0 |
_aNew York (State) _xHistory _yRevolution, 1775-1783. |
|
| 651 | 0 |
_aWhite Plains (N.Y.) _xHistory. |
|
| 656 | 7 |
_aSoldiers. _2itoamc |
|
| 999 |
_c41715 _d41715 |
||